Представление документа в формате RUSMARC

ПолеНазваниеЗначение
  Тип записи a
  Библиографический уровень m
001 Контрольный номер UONB/MAIN/b05328333a3441f4ae729633189c6f6e
005 Дата корректировки 20260330091711.8
100 Данные общей обработки __
a Данные общей обработки 20260330g1959 u u0rusy0189 ca
101 Язык документа 0_
a Язык текста rus
102 Страна публикации __
a Страна публикации RU
105 Кодированные данные (монография) __
a Кодированные данные (монография) y z 001yy
200 Заглавие и сведения об ответственности 1_
a Заглавие Экономическая история зарубежных стран
e Сведения, относящиеся к заглавию (курс лекций)
e Сведения, относящиеся к заглавию [для экономических факультетов и вузов УССР]
203 Вид содержания и тип средства __
a Вид содержания Текст
b Характеристика содержания визуальный
c Тип средства непосредственный
210 Выходные данные 1_
a Место издания Киев
c Издательство Изд-во Киевского ун-та
d Дата издания 1959-1961
215 Физическое описание __
d Формат 23 см
801 Источник записи _0
a Страна RU
b Организация Ульяновская ОНБ
c Дата составления 20260330
g Правила каталогизации RCR
801 Источник записи _1
a Страна RU
b Организация Ульяновская ОНБ
c Дата составления 20260330
g Правила каталогизации RCR
901 Тип документа __
t Тип документа v
909 Создатель записи __
a Создатель записи Батталова
b Дата создания записи 20260330